Statistics for Countries That Grant Automatic Birthright Citizenship.

Click here to take the quiz!

General Stats

  • This quiz has been taken 24 times
  • The average score is 24 of 35

Answer Stats

Answer% Correct
United States
100%
Argentina
78%
Barbados
78%
Belize
78%
Bolivia
78%
Brazil
78%
Canada
78%
Costa Rica
78%
Ecuador
78%
El Salvador
78%
Guatemala
78%
Honduras
78%
Mexico
78%
Paraguay
78%
Peru
78%
Uruguay
78%
Venezuela
78%
Antigua and Barbuda
72%
Chile
72%
Cuba
72%
Dominica
72%
Grenada
72%
Guyana
72%
Nicaragua
72%
Panama
72%
Saint Kits and Nevis
72%
Saint Lucia
72%
Saint Vincent and the Grenadines
72%
Trinidad and Tobago
72%
Jamaica
67%
Fiji
50%
Lesotho
28%
Pakistan
28%
Tuvalu
28%
Tanzania
22%

Score Distribution

Percentile by Number Answered

Percent of People with Each Score

Your Score History

You have not taken this quiz